| 000 | 00628nam a2200217 a 4500 | ||
|---|---|---|---|
| 005 | 20230921063702.0 | ||
| 008 | 120628s2008 mx r 000 0 spa d | ||
| 020 | _a9789584507334 | ||
| 035 | _aUPN01000185595 | ||
| 049 | _aCG | ||
| 050 | 4 |
_aPQ8180.13 A3.3 _bQ8.3 |
|
| 100 | 1 |
_aCaicedo , Andrés, _d1951-1977 |
|
| 245 | 1 | 1 |
_a¡Que viva la música! / _cAndrés Caicedo. |
| 260 |
_aBogotá : _bNorma, _c2008. |
||
| 300 | _a174, 37 p. | ||
| 440 | 0 | _aCara y cruz | |
| 501 | _aPublicado con: Andrés Caicedo vida y obra | ||
| 650 | 4 |
_aLiteratura colombiana _912879 |
|
| 600 | 1 | 4 |
_aCAICEDO, ANDRES, _d1951-1977 |
| 905 | _aLibro | ||
| 999 |
_c157698 _d157698 |
||